| 000 | 00665nam a22001457a 4500 | ||
|---|---|---|---|
| 003 | OSt | ||
| 005 | 20150922135459.0 | ||
| 008 | 150922b xxu||||| |||| 00| 0 eng d | ||
| 040 | _cRUA | ||
| 082 | _aAGR PHU 2007 B035 Or.1 | ||
| 100 |
_91105 _aPHUONG KESNY |
||
| 245 | _aEffect of organic fertilizers on frenchbean in the crop station of the royal university of agriculture,(ឥទ្ធិពលជីធម្មជាតិទៅលើដំណាំសណ្ដែកបារំាងក្នុងលក្ខខណ្ឌសាកលវិទ្យាល័យភូមិន្ទកសិកម្ម) | ||
| 300 |
_axiv,51p. _cill. _g29cm. |
||
| 942 |
_2ddc _cAGR |
||
| 999 |
_c1058 _d1058 |
||